Cuadernos de Contabilidad

Detalles Bibliográficos
Formato: Libro
Lenguaje:español
Publicado: Bogot ̀: Pontificia Universidad Javeriana, 2016 -
Materias:
Acceso en línea:Acceso restringido

MARC

LEADER 00000nam a22000007a 4500
005 20180503114211.0
007 cr|||| ||||
008 180503c20? 9999co fr||s |||| 0|||b1spa d
035 |a 21453 
040 |a vLex 
090 |c 7899  |d 7899 
245 0 0 |a Cuadernos de Contabilidad  |h [Recurso electrn̤ico] 
256 |a Servicio en ln̕ea 
260 |a Bogot ̀:  |b Pontificia Universidad Javeriana,  |c 2016 - 
300 |a 1 recurso electrn̤ico 
506 |a Disponible solo en los productos indicados  |d vLex Global  |d vLex Global (Academic Edition, excluding Law Schools)  |d vLex Global (U.S. Academic Edition, Law Schools)  |d vLex Global (U.S. Academic Edition, excluding Law Schools)  |d vLex Global (Academic Edition, Law Schools) 
650 0 4 |a Contabilidad  |z Colombia 
740 0 |a vLex Revistas (Servicio en ln̕ea) 
856 4 0 |u http://vlex.com/source/21453  |z Acceso restringido 
942 |c REV 
999 0 |a Accounting